Capitales des pays 243 à 250 - Statistiques

Statistiques générales
  • Ce quiz a été pris 41 fois
  • Le résultat moyen est 2 sur 8
Statistiques - réponses
pays capitale % Correct
Catalogne Barcelone
97%
Chypre du Nord Nicosie
54%
Transnistrie Tiraspol
30%
Kurdistan Diyarbakır or Erbil
16%
Somaliland Hargeisa
16%
Haut-Karabakh Stepanakert
11%
Abkhazie Sukhumi
8%
Ossétie du Sud-Alanie Tskhinvali
5%
Aucun quiz correspondant
Distribution des résultats
% des personnes avec chaque résultat
Percentile par nombre de réponses
Votre historique - résultats
Vous n’avez pas pris ce quiz